Pingo d'água na folha do coió (Record no. 58088)

MARC details
000 -LÍDER
campo de controle de tamanho fixo 00371 a2200157 4500
001 - NÚMERO DE CONTROLE
campo de controle 58088
020 ## - ISBN - INTERNATIONAL STANDARD BOOK NUMBER
ISBN - International Standard Book Number 8587243659
040 ## - FONTE DA CATALOGAÇÃO
Instituição que transcreveu o registro Anchieta - Pituba
100 ## - ENTRADA PRINCIPAL--NOME PESSOAL
Nome pessoal Martins, Dalva de Andrade
240 10 - TÍTULO UNIFORME
Título uniforme Pingo d'água na folha do coió
Idioma da obra por
245 10 - TÍTULO
Título Pingo d'água na folha do coió
300 ## - DESCRIÇÃO FÍSICA
Extensão 112
362 0# - DATAS DE PUBLICAÇÃO E/OU DESIGNAÇÃO SEQUENCIAL
Datas de publicação e/ou designação sequencial 2006
650 #4 - ASSUNTO--TERMO TÓPICO
Cabeçalho tópico ou nome geográfico Poesia brasileira
942 ## - ELEMENTOS DE ENTRADA ADICIONADOS (KOHA)
Tipo de material Koha Livros
Holdings
Situação do descarte Situação das perdas Situação física Não pode ser emprestado Biblioteca de origem Biblioteca atual Data de aquisição Total de empréstimos Número de chamada completo Código de barras Data de último acesso Data do preço efetivo Tipo de material Koha
        Colégio Anchieta - Pituba Colégio Anchieta - Pituba 21/11/2023   869.91 M386p MAR PIN 8393/PIT 21/11/2023 21/11/2023 Livros
        Colégio Anchieta - Pituba Colégio Anchieta - Pituba 21/11/2023   871 M375p MAR PIN 17676/PIT 21/11/2023 21/11/2023 Livros